• 首页
  • 本馆介绍
  • 公告通知
  • 最新文献
  • 馆藏检索
  • 电子资源
  • 读者导购
  • 参考咨询
  • 我的图书馆
  • 登录
  • 详细信息显示
  • 放入我的书架
  • 预约/预借图书
  • 作者相关作品
  • 分类相关作品
  • 丛书相关作品
  • 出版社相关作品

书目信息

  • 表格格式
  • 工作单格式
  • 卡片格式
题名:
论美国的民主
    
 
作者: 法托克维尔 ;董果良
分册: 上册卷  
出版信息: 北京   商务印书馆  1988
页数: 974页
开本: 20cm
丛书名:
单 册:
中图分类: D73/77
科图分类:
主题词: 政治--中国
电子资源:
ISBN: 7-100-01110-8
000 00589nam0 2200193 450
001 0728815141
005 20070819080015.14
010    @a7-100-01110-8@d¥42.00
100    @a20070819d km y0chiy0120 ea
101 0  @achi
200 1  @a论美国的民主@Alun mei guo de min zhu@h上册卷@f[法]托克维尔@F[fa]tuo ke wei er@g董果良@Gdong guo liang
210    @a北京@c商务印书馆@d1988
215    @a974页@d20cm
606 0  @a政治@y中国
690    @aD73/77@v3
701  0 @a法托克维尔@Afa tuo ke wei er
702  0 @a董果良@Adong guo liang
801  0 @aCN@bPFT@c20070819
905    @a213230@dD73/77@eZW46:1@f1
    
    论美国的民主.上册卷/[法]托克维尔/董果良.-北京:商务印书馆,1988
    974页;20cm
    
    
    ISBN 7-100-01110-8:¥42.00
    
●
相关链接 在E读中查询图书 在五车中查询图书 在当当中查询图书 在豆瓣中查询图书


正题名:论美国的民主     索取号:D73/77/ZW46:1         预约/预借

序号 登录号 条形码 馆藏地/架位号 状态 备注
1 7601413   276014135   密集书库-文学院/ [索取号:D73/77/ZW46:1] 在馆    
唐山师范学院图书馆 欢迎您!
大连网信软件有限公司© 版权所有